| 000 | 00709nam a2200217 a 4500 | ||
|---|---|---|---|
| 005 | 20240902063642.0 | ||
| 008 | 040629s1998 es r 000 0 spa d | ||
| 020 | _a8472781968 | ||
| 035 | _aUPN01000182554 | ||
| 049 | _aLT | ||
| 050 | 4 |
_aLB1555 E5.3 _bA6.7 LM |
|
| 245 | 0 | 0 |
_aAprendo a pensar desarrollando mi inteligencia : _bguía APDI 3-4 : desarrollo de los ejercicios / _cil. Javier Aznar Serrano. |
| 260 |
_aMadrid : _bICCE, _c1998. |
||
| 300 |
_a112 p. : _bil. |
||
| 440 | 0 | _aAPDI | |
| 500 | _aTítulo tomado de la cubierta | ||
| 650 | 2 |
_aDesarrollo intelectual _99159 |
|
| 650 | 2 |
_aDesarrollo cognoscitivo _95390 |
|
| 650 | 4 |
_aINTELIGENCIA - _vPROBLEMAS, EJERCICIOS, ETC. _98358 |
|
| 905 | _aLibro | ||
| 999 |
_c154657 _d154657 |
||